<?xml version="1.0" encoding="UTF-8"?>
<record
    xmlns:xsi="http://www.w3.org/2001/XMLSchema-instance"
    xsi:schemaLocation="http://www.loc.gov/MARC21/slim http://www.loc.gov/standards/marcxml/schema/MARC21slim.xsd"
    xmlns="http://www.loc.gov/MARC21/slim">

  <leader>00495nam a2200193Ia 4500</leader>
  <controlfield tag="008">230125s9999    xx            000 0 und d</controlfield>
  <datafield tag="020" ind1=" " ind2=" ">
    <subfield code="a">81-7194-485-9</subfield>
  </datafield>
  <datafield tag="041" ind1=" " ind2=" ">
    <subfield code="a">eng</subfield>
  </datafield>
  <datafield tag="082" ind1=" " ind2=" ">
    <subfield code="a">336.24</subfield>
    <subfield code="b">SIN/SIN</subfield>
  </datafield>
  <datafield tag="100" ind1=" " ind2=" ">
    <subfield code="a">Singhania V K</subfield>
  </datafield>
  <datafield tag="245" ind1=" " ind2=" ">
    <subfield code="a">Student's guide to Income tax</subfield>
  </datafield>
  <datafield tag="260" ind1=" " ind2=" ">
    <subfield code="c">2008</subfield>
    <subfield code="b">Taxmann publisher</subfield>
    <subfield code="a">New Delhi</subfield>
  </datafield>
  <datafield tag="300" ind1=" " ind2=" ">
    <subfield code="a">954p</subfield>
  </datafield>
  <datafield tag="500" ind1=" " ind2=" ">
    <subfield code="a">Income tax</subfield>
  </datafield>
  <datafield tag="650" ind1=" " ind2=" ">
    <subfield code="a">Economics</subfield>
  </datafield>
  <datafield tag="700" ind1=" " ind2=" ">
    <subfield code="a">Singhania V K &amp; Singhania M</subfield>
    <subfield code="9">106292</subfield>
  </datafield>
  <datafield tag="906" ind1=" " ind2=" ">
    <subfield code="b">99</subfield>
  </datafield>
  <datafield tag="999" ind1=" " ind2=" ">
    <subfield code="c">90002</subfield>
    <subfield code="d">90002</subfield>
  </datafield>
  <datafield tag="952" ind1=" " ind2=" ">
    <subfield code="0">1</subfield>
    <subfield code="1">0</subfield>
    <subfield code="4">0</subfield>
    <subfield code="7">0</subfield>
    <subfield code="a">HIMR</subfield>
    <subfield code="b">HIMR</subfield>
    <subfield code="d">2008-08-19</subfield>
    <subfield code="e">Pritam Book Centre</subfield>
    <subfield code="g">395.00</subfield>
    <subfield code="i">6256</subfield>
    <subfield code="o">336.24 SIN/SIN B06535</subfield>
    <subfield code="p">HIMR-BK-6535</subfield>
    <subfield code="r">2023-01-25 00:00:00</subfield>
    <subfield code="v">296.00</subfield>
    <subfield code="w">2008-08-04</subfield>
    <subfield code="y">BK</subfield>
    <subfield code="z">B06535</subfield>
  </datafield>
  <datafield tag="952" ind1=" " ind2=" ">
    <subfield code="0">1</subfield>
    <subfield code="1">0</subfield>
    <subfield code="4">0</subfield>
    <subfield code="7">0</subfield>
    <subfield code="a">HIMR</subfield>
    <subfield code="b">HIMR</subfield>
    <subfield code="d">2007-08-06</subfield>
    <subfield code="e">Pritam Book Centre</subfield>
    <subfield code="g">395.00</subfield>
    <subfield code="o">336.24 SIN/SIN B05833</subfield>
    <subfield code="p">HIMR-BK-5833</subfield>
    <subfield code="r">2023-01-25 00:00:00</subfield>
    <subfield code="v">316.00</subfield>
    <subfield code="w">2007-08-06</subfield>
    <subfield code="y">BK</subfield>
    <subfield code="z">B05833</subfield>
  </datafield>
  <datafield tag="952" ind1=" " ind2=" ">
    <subfield code="0">1</subfield>
    <subfield code="1">0</subfield>
    <subfield code="4">0</subfield>
    <subfield code="7">0</subfield>
    <subfield code="a">HIMR</subfield>
    <subfield code="b">HIMR</subfield>
    <subfield code="d">2008-08-19</subfield>
    <subfield code="e">Pritam Book Centre</subfield>
    <subfield code="g">395.00</subfield>
    <subfield code="i">6256</subfield>
    <subfield code="o">336.24 SIN/SIN B06536</subfield>
    <subfield code="p">HIMR-BK-6536</subfield>
    <subfield code="r">2023-01-25 00:00:00</subfield>
    <subfield code="v">296.00</subfield>
    <subfield code="w">2008-08-04</subfield>
    <subfield code="y">BK</subfield>
    <subfield code="z">B06536</subfield>
  </datafield>
  <datafield tag="952" ind1=" " ind2=" ">
    <subfield code="0">1</subfield>
    <subfield code="1">0</subfield>
    <subfield code="4">0</subfield>
    <subfield code="7">0</subfield>
    <subfield code="a">HIMR</subfield>
    <subfield code="b">HIMR</subfield>
    <subfield code="d">2007-08-06</subfield>
    <subfield code="e">Pritam Book Centre</subfield>
    <subfield code="g">395.00</subfield>
    <subfield code="o">336.24 SIN/SIN B05832</subfield>
    <subfield code="p">HIMR-BK-5832</subfield>
    <subfield code="r">2023-01-25 00:00:00</subfield>
    <subfield code="v">316.00</subfield>
    <subfield code="w">2007-08-06</subfield>
    <subfield code="y">BK</subfield>
    <subfield code="z">B05832</subfield>
  </datafield>
  <datafield tag="952" ind1=" " ind2=" ">
    <subfield code="0">1</subfield>
    <subfield code="1">0</subfield>
    <subfield code="4">0</subfield>
    <subfield code="7">0</subfield>
    <subfield code="a">HIMR</subfield>
    <subfield code="b">HIMR</subfield>
    <subfield code="d">2007-08-06</subfield>
    <subfield code="e">Pritam Book Centre</subfield>
    <subfield code="g">395.00</subfield>
    <subfield code="o">336.24 SIN/SIN B05831</subfield>
    <subfield code="p">HIMR-BK-5831</subfield>
    <subfield code="r">2023-01-25 00:00:00</subfield>
    <subfield code="v">316.00</subfield>
    <subfield code="w">2007-08-06</subfield>
    <subfield code="y">BK</subfield>
    <subfield code="z">B05831</subfield>
  </datafield>
  <datafield tag="952" ind1=" " ind2=" ">
    <subfield code="0">1</subfield>
    <subfield code="1">0</subfield>
    <subfield code="4">0</subfield>
    <subfield code="7">0</subfield>
    <subfield code="a">HIMR</subfield>
    <subfield code="b">HIMR</subfield>
    <subfield code="d">2008-08-19</subfield>
    <subfield code="e">Pritam Book Centre</subfield>
    <subfield code="g">395.00</subfield>
    <subfield code="i">6256</subfield>
    <subfield code="o">336.24 SIN/SIN B06544</subfield>
    <subfield code="p">HIMR-BK-6544</subfield>
    <subfield code="r">2023-01-25 00:00:00</subfield>
    <subfield code="v">296.00</subfield>
    <subfield code="w">2008-08-04</subfield>
    <subfield code="y">BK</subfield>
    <subfield code="z">B06544</subfield>
  </datafield>
  <datafield tag="952" ind1=" " ind2=" ">
    <subfield code="0">1</subfield>
    <subfield code="1">0</subfield>
    <subfield code="4">0</subfield>
    <subfield code="7">0</subfield>
    <subfield code="a">HIMR</subfield>
    <subfield code="b">HIMR</subfield>
    <subfield code="d">2006-09-13</subfield>
    <subfield code="e">The Forward Books</subfield>
    <subfield code="g">345.00</subfield>
    <subfield code="i">276</subfield>
    <subfield code="o">336.24 SIN/SIN B05417</subfield>
    <subfield code="p">HIMR-BK-5417</subfield>
    <subfield code="r">2023-01-25 00:00:00</subfield>
    <subfield code="v">293.00</subfield>
    <subfield code="w">2006-09-13</subfield>
    <subfield code="y">BK</subfield>
    <subfield code="z">B05417</subfield>
  </datafield>
  <datafield tag="952" ind1=" " ind2=" ">
    <subfield code="0">1</subfield>
    <subfield code="1">0</subfield>
    <subfield code="4">0</subfield>
    <subfield code="7">0</subfield>
    <subfield code="a">HIMR</subfield>
    <subfield code="b">HIMR</subfield>
    <subfield code="d">2008-08-19</subfield>
    <subfield code="e">Pritam Book Centre</subfield>
    <subfield code="g">395.00</subfield>
    <subfield code="i">6256</subfield>
    <subfield code="o">336.24 SIN/SIN B06537</subfield>
    <subfield code="p">HIMR-BK-6537</subfield>
    <subfield code="r">2023-01-25 00:00:00</subfield>
    <subfield code="v">296.00</subfield>
    <subfield code="w">2008-08-04</subfield>
    <subfield code="y">BK</subfield>
    <subfield code="z">B06537</subfield>
  </datafield>
  <datafield tag="952" ind1=" " ind2=" ">
    <subfield code="0">1</subfield>
    <subfield code="1">0</subfield>
    <subfield code="4">0</subfield>
    <subfield code="7">0</subfield>
    <subfield code="a">HIMR</subfield>
    <subfield code="b">HIMR</subfield>
    <subfield code="d">2008-08-19</subfield>
    <subfield code="e">Pritam Book Centre</subfield>
    <subfield code="g">395.00</subfield>
    <subfield code="i">6256</subfield>
    <subfield code="o">336.24 SIN/SIN B06543</subfield>
    <subfield code="p">HIMR-BK-6543</subfield>
    <subfield code="r">2023-01-25 00:00:00</subfield>
    <subfield code="v">296.00</subfield>
    <subfield code="w">2008-08-04</subfield>
    <subfield code="y">BK</subfield>
    <subfield code="z">B06543</subfield>
  </datafield>
  <datafield tag="952" ind1=" " ind2=" ">
    <subfield code="0">1</subfield>
    <subfield code="1">0</subfield>
    <subfield code="4">0</subfield>
    <subfield code="7">0</subfield>
    <subfield code="a">HIMR</subfield>
    <subfield code="b">HIMR</subfield>
    <subfield code="d">2008-08-19</subfield>
    <subfield code="e">Pritam Book Centre</subfield>
    <subfield code="g">395.00</subfield>
    <subfield code="i">6256</subfield>
    <subfield code="o">336.24 SIN/SIN B06542</subfield>
    <subfield code="p">HIMR-BK-6542</subfield>
    <subfield code="r">2023-01-25 00:00:00</subfield>
    <subfield code="v">296.00</subfield>
    <subfield code="w">2008-08-04</subfield>
    <subfield code="y">BK</subfield>
    <subfield code="z">B06542</subfield>
  </datafield>
  <datafield tag="952" ind1=" " ind2=" ">
    <subfield code="0">1</subfield>
    <subfield code="1">0</subfield>
    <subfield code="4">0</subfield>
    <subfield code="7">0</subfield>
    <subfield code="a">HIMR</subfield>
    <subfield code="b">HIMR</subfield>
    <subfield code="d">2008-08-19</subfield>
    <subfield code="e">Pritam Book Centre</subfield>
    <subfield code="g">395.00</subfield>
    <subfield code="i">6256</subfield>
    <subfield code="o">336.24 SIN/SIN B06541</subfield>
    <subfield code="p">HIMR-BK-6541</subfield>
    <subfield code="r">2023-01-25 00:00:00</subfield>
    <subfield code="v">296.00</subfield>
    <subfield code="w">2008-08-04</subfield>
    <subfield code="y">BK</subfield>
    <subfield code="z">B06541</subfield>
  </datafield>
  <datafield tag="952" ind1=" " ind2=" ">
    <subfield code="0">1</subfield>
    <subfield code="1">0</subfield>
    <subfield code="4">0</subfield>
    <subfield code="7">0</subfield>
    <subfield code="a">HIMR</subfield>
    <subfield code="b">HIMR</subfield>
    <subfield code="d">2008-08-19</subfield>
    <subfield code="e">Pritam Book Centre</subfield>
    <subfield code="g">395.00</subfield>
    <subfield code="i">6256</subfield>
    <subfield code="o">336.24 SIN/SIN B06540</subfield>
    <subfield code="p">HIMR-BK-6540</subfield>
    <subfield code="r">2023-01-25 00:00:00</subfield>
    <subfield code="v">296.00</subfield>
    <subfield code="w">2008-08-04</subfield>
    <subfield code="y">BK</subfield>
    <subfield code="z">B06540</subfield>
  </datafield>
  <datafield tag="952" ind1=" " ind2=" ">
    <subfield code="0">1</subfield>
    <subfield code="1">0</subfield>
    <subfield code="4">0</subfield>
    <subfield code="7">0</subfield>
    <subfield code="a">HIMR</subfield>
    <subfield code="b">HIMR</subfield>
    <subfield code="d">2008-08-19</subfield>
    <subfield code="e">Pritam Book Centre</subfield>
    <subfield code="g">395.00</subfield>
    <subfield code="i">6256</subfield>
    <subfield code="o">336.24 SIN/SIN B06539</subfield>
    <subfield code="p">HIMR-BK-6539</subfield>
    <subfield code="r">2023-01-25 00:00:00</subfield>
    <subfield code="v">296.00</subfield>
    <subfield code="w">2008-08-04</subfield>
    <subfield code="y">BK</subfield>
    <subfield code="z">B06539</subfield>
  </datafield>
  <datafield tag="952" ind1=" " ind2=" ">
    <subfield code="0">1</subfield>
    <subfield code="1">0</subfield>
    <subfield code="4">0</subfield>
    <subfield code="7">0</subfield>
    <subfield code="a">HIMR</subfield>
    <subfield code="b">HIMR</subfield>
    <subfield code="d">2008-08-19</subfield>
    <subfield code="e">Pritam Book Centre</subfield>
    <subfield code="g">395.00</subfield>
    <subfield code="i">6256</subfield>
    <subfield code="o">336.24 SIN/SIN B06538</subfield>
    <subfield code="p">HIMR-BK-6538</subfield>
    <subfield code="r">2023-01-25 00:00:00</subfield>
    <subfield code="v">296.00</subfield>
    <subfield code="w">2008-08-04</subfield>
    <subfield code="y">BK</subfield>
    <subfield code="z">B06538</subfield>
  </datafield>
</record>
